Štruktúrna závislosť creepovej a creep - únavovej deformácie porušovania niklovej monokryštalickej superzliatiny

Bibliographic Details
Main Authors: Zrník, Jozef, 1946- (Author), Žitňanský, Marcel, 1933- (Author), Hazlinger, Marián, 1957- (Author)
Format: Article
Language:Slovak
PhysicalDescription:Obr., tab.
ISSN:0023-432X
Subjects:

MARC

LEADER 00000nab a2200000 a 4500
001 vtls000712116
003 SK-MaSNL
005 20260305034624.0
008 250429c1999 xo 0 slo
015 |a SNBRB2000/01-00770 
035 |a CLN000064283 
035 |a urn:nbn:sk:snk-abbt26 
035 |a (urnnbn)urn:nbn:sk:snk:ar-001ih2 
035 |a (uuid)afa37f4a-d15f-4d98-8353-40e2e2e7c464 
040 |a SNKBUCL  |b slo  |c SNKBUCL  |e AACR2 
041 0 |a slo 
044 |a xo  |c SK 
080 |a 669.245:539.376  |2 1997 
080 |a 539.376  |2 1997 
100 1 |a Zrník, Jozef,  |d 1946-  |4 aut  |9 201731 
245 1 0 |a Štruktúrna závislosť creepovej a creep - únavovej deformácie porušovania niklovej monokryštalickej superzliatiny  |c Jozef Zrník, Marcel Žitňanský, Marián Hazlinger 
300 |b Obr., tab. 
650 0 7 |a superzliatiny Ni  |x monokryštály  |x creep  |x deformácie  |2 snkbucl  |9 1616297 
650 0 7 |a creep  |2 snkbucl  |9 14631 
655 7 |a články z novín a časopisov  |2 snkbucl  |9 267496 
700 1 |a Žitňanský, Marcel,  |d 1933-  |4 aut  |9 37334 
700 1 |a Hazlinger, Marián,  |d 1957-  |4 aut  |9 108573 
773 0 |t Kovové materiály  |g Roč. 37, č. 4 (1999), s. 246-255  |x 0023-432X 
850 |a Slovenská národná knižnica 
852 |a Slovenská národná knižnica 
958 |a article15 
958 |a NB 
958 |a RBX 
958 |a OND 
958 |a EUIPO 
999 |c 3330149  |d 3332079